Normal view
MARC view
Entry Personal Name
001 - CONTROL NUMBER
- control field: 1238076
003 - CONTROL NUMBER IDENTIFIER
- control field: OSt
005 - DATE AND TIME OF LATEST TRANSACTION
- control field: 20260430150634.0
008 - FIXED-LENGTH DATA ELEMENTS
- fixed length control field: 260430|| aca||aabn | a|a d
040 ## - CATALOGING SOURCE
- Original cataloging agency: OSt
- Transcribing agency: OSt
100 ## - HEADING--PERSONAL NAME
- Personal name: Thokchom Sarda Devi Au.; Kapoor Rupam Gu
670 ## - SOURCE DATA FOUND
- Source citation: Work cat.: (OSt)1850275: Thokchom Sarda Devi Au.; Kapoor Rupam Gu., Elucidation of Arbuscular Mycorrhiza-Mediated Elicitation of Pharmaceutically Important Secondary Metabolites in Two High Yielding Genotypes of Ocimum tenuiflorum L. through Physiological, Biochemical, and Molecular Profiling, 2023
